| 000 | 00403nam a2200133Ia 4500 | ||
|---|---|---|---|
| 008 | 150223s9999 xx 000 0 und d | ||
| 020 | _a0737722363 | ||
| 050 |
_aQH 438.7 _b.G413 2004 |
||
| 100 | _aGerdes, Louise I. | ||
| 245 |
_aGenetic engineering : _bopposing viewpoints / _cLouise I. Gerdes. |
||
| 260 |
_aUSA : _bGreenhaven Press, _c2004 |
||
| 300 |
_a221 pages : _c22 cm. |
||
| 504 | _aIncludes Index. | ||
| 999 |
_c283250 _d283250 |
||